<?xml version="1.0" encoding="UTF-8"?>
<record
    xmlns:xsi="http://www.w3.org/2001/XMLSchema-instance"
    xsi:schemaLocation="http://www.loc.gov/MARC21/slim http://www.loc.gov/standards/marcxml/schema/MARC21slim.xsd"
    xmlns="http://www.loc.gov/MARC21/slim">

  <leader>02683nam a2200361 a 4500</leader>
  <controlfield tag="001">000113124</controlfield>
  <controlfield tag="003">CHAP</controlfield>
  <controlfield tag="005">20260303121707.0</controlfield>
  <controlfield tag="008">170426s2016    mx a   fsm   |||||||spa d</controlfield>
  <datafield tag="040" ind1=" " ind2=" ">
    <subfield code="c">CHAP</subfield>
  </datafield>
  <datafield tag="090" ind1=" " ind2=" ">
    <subfield code="a">Tesis</subfield>
  </datafield>
  <datafield tag="100" ind1="1" ind2=" ">
    <subfield code="a">Ju&#xE1;rez V&#xE1;zquez, Sandra Berenice</subfield>
    <subfield code="9">62502</subfield>
  </datafield>
  <datafield tag="245" ind1="1" ind2="0">
    <subfield code="a">Manejo de la antracnosis (Colletotrichum fructicola) con extractos org&#xE1;nicos en frutos de aguacate Hass en poscosecha /</subfield>
    <subfield code="c">por Sandra Berenice Ju&#xE1;rez V&#xE1;zquez.</subfield>
  </datafield>
  <datafield tag="264" ind1=" " ind2=" ">
    <subfield code="a">Chapingo, M&#xE9;x. :</subfield>
    <subfield code="b">El autor,</subfield>
    <subfield code="c">2016.</subfield>
  </datafield>
  <datafield tag="300" ind1=" " ind2=" ">
    <subfield code="a">1 recurso en l&#xED;nea (120 p&#xE1;ginas).</subfield>
  </datafield>
  <datafield tag="336" ind1=" " ind2=" ">
    <subfield code="2">rdacontent</subfield>
    <subfield code="a">texto</subfield>
    <subfield code="b">txt</subfield>
  </datafield>
  <datafield tag="337" ind1=" " ind2=" ">
    <subfield code="2">rdamedia</subfield>
    <subfield code="a">computadora</subfield>
    <subfield code="b">c</subfield>
  </datafield>
  <datafield tag="338" ind1=" " ind2=" ">
    <subfield code="2">rdacarrier</subfield>
    <subfield code="a">recurso en l&#xED;nea</subfield>
    <subfield code="b">cr</subfield>
  </datafield>
  <datafield tag="502" ind1=" " ind2=" ">
    <subfield code="b">MCPV</subfield>
    <subfield code="c">Parasitolog&#xED;a</subfield>
    <subfield code="d">2016.</subfield>
  </datafield>
  <datafield tag="520" ind1=" " ind2=" ">
    <subfield code="a">Los metabolitos secundarios (MS) sirven como mecanismos de defensa de las plantas y han demostrado tener un efecto antimicrobiano. El objetivo del presente trabajo fue evaluar extractos metan&#xF3;licos y hex&#xE1;nicos de cinco especies de plantas, sobre el control de antracnosis en condiciones in vitro e in vivo en frutos de aguacate Hass. La identificaci&#xF3;n del pat&#xF3;geno se realiz&#xF3; morfol&#xF3;gica y molecularmente; los extractos se obtuvieron mediante un equipo Soxhlet. Las especies de plantas evaluadas fueron: Prosopis laevigata, Sapindus saponaria, Phytolacca icosandra, Salvia leucantha y Cestrum dumetorum y se emplearon dos m&#xE9;todos de evaluaci&#xF3;n in vitro; i) m&#xE9;todo de difusi&#xF3;n de discos y ii) m&#xE9;todo de envenenamiento del medio, para confirmar la actividad fungicida de P. laevigata. Se realiz&#xF3; el an&#xE1;lisis fitoqu&#xED;mico cualitativo de las cinco especies. El an&#xE1;lisis estad&#xED;stico consisti&#xF3; en an&#xE1;lisis de varianza y comparaci&#xF3;n de medias por el m&#xE9;todo de Tukey (P=0.05). Los resultados mostraron que C. fructicola fue causante de la antracnosis en frutos de aguacate provenientes de Molango de Escamilla, Hidalgo. El extracto metan&#xF3;lico de P. laevigata fue el que present&#xF3; mayor efecto inhibitorio contra C. fructicola, tanto in vitro (65.24 %) como in vivo debido a la presencia simult&#xE1;nea de lavonoides, terpenoides y alcaloides, encontrados en el an&#xE1;lisis fitoqu&#xED;mico.</subfield>
  </datafield>
  <datafield tag="590" ind1=" " ind2=" ">
    <subfield code="a">BATCH-UPD</subfield>
    <subfield code="b">05</subfield>
    <subfield code="c">20170426</subfield>
  </datafield>
  <datafield tag="590" ind1=" " ind2=" ">
    <subfield code="a">E8697GMM</subfield>
    <subfield code="b">05</subfield>
    <subfield code="c">20170426</subfield>
  </datafield>
  <datafield tag="590" ind1=" " ind2=" ">
    <subfield code="a">E8697GMM</subfield>
    <subfield code="b">05</subfield>
    <subfield code="c">20170426</subfield>
  </datafield>
  <datafield tag="650" ind1="1" ind2="4">
    <subfield code="a">Aguacate</subfield>
    <subfield code="x">Enfermedades por hongos.</subfield>
    <subfield code="9">2511</subfield>
  </datafield>
  <datafield tag="650" ind1="1" ind2="4">
    <subfield code="a">Antracnosis del aguacate</subfield>
    <subfield code="9">6118</subfield>
  </datafield>
  <datafield tag="650" ind1="1" ind2="4">
    <subfield code="a">Colletotrichum fruticola</subfield>
    <subfield code="x">Control.</subfield>
    <subfield code="9">132034</subfield>
  </datafield>
  <datafield tag="650" ind1="1" ind2="4">
    <subfield code="a">Extractos vegetales como fungicida.</subfield>
    <subfield code="9">129639</subfield>
  </datafield>
  <datafield tag="856" ind1=" " ind2=" ">
    <subfield code="u">http://10.13.5.2/tesis/sist113124.pdf</subfield>
    <subfield code="z">DESCARGAR PDF</subfield>
  </datafield>
  <datafield tag="901" ind1=" " ind2=" ">
    <subfield code="a">BK</subfield>
  </datafield>
  <datafield tag="942" ind1=" " ind2=" ">
    <subfield code="2">Clasificaci&#xF3;n Universidad Aut&#xF3;noma Chapingo</subfield>
    <subfield code="c">TD</subfield>
  </datafield>
  <datafield tag="999" ind1=" " ind2=" ">
    <subfield code="c">109585</subfield>
    <subfield code="d">109585</subfield>
  </datafield>
  <datafield tag="952" ind1=" " ind2=" ">
    <subfield code="0">0</subfield>
    <subfield code="1">0</subfield>
    <subfield code="2">local</subfield>
    <subfield code="4">0</subfield>
    <subfield code="5">1</subfield>
    <subfield code="7">0</subfield>
    <subfield code="8">TesDigM</subfield>
    <subfield code="a">BD</subfield>
    <subfield code="b">BD</subfield>
    <subfield code="c">E_L</subfield>
    <subfield code="d">2017-04-26</subfield>
    <subfield code="f">TESIS</subfield>
    <subfield code="l">0</subfield>
    <subfield code="o">Tesis digital</subfield>
    <subfield code="r">2019-12-31 00:00:00</subfield>
    <subfield code="y">TD</subfield>
  </datafield>
</record>
